000 00219nam a2200097Ia 4500
008 240331s9999 xx 000 0 und d
082 _bSOC
100 _aMuthiah,W. ed
245 0 _aSocialist women of Sri Lanka
942 _cL
999 _c1705
_d1705